| 000 | 00442nam a22001697a 4500 | ||
|---|---|---|---|
| 003 | CEME | ||
| 005 | 20210628203942.0 | ||
| 008 | 210311b xxu||||| |||| 00| 0 eng d | ||
| 020 | _a0-07-881937-7 | ||
| 040 | _c. | ||
| 082 | _a004.65 MAT'N | ||
| 100 |
_aDobson, Bruce , Mathews, Martin _967990 |
||
| 245 | _aNetworking windows for workgroups | ||
| 260 |
_aBERKELEY _bOSBORNE, MCGRAW HILL _c1993 |
||
| 300 | _aXVII, 265P | ||
| 942 |
_cBK _2ddc |
||
| 999 |
_c575660 _d575660 |
||